| 000 | 00656nam a2200241Ia 4500 | ||
|---|---|---|---|
| 003 | OSt | ||
| 005 | 20220927104628.0 | ||
| 006 | a|||||r|||| 00| 0 | ||
| 007 | ta | ||
| 008 | 220926b |||||||| |||| 00| 0 eng d | ||
| 024 | _a151564 | ||
| 037 | _cReference Collections | ||
| 040 |
_aRTL _cRTL _beng |
||
| 041 |
_2eng _aeng |
||
| 082 | _a"XM8,9(U8).1.N8, M/UN" | ||
| 110 |
_aUNCTC _9363704 |
||
| 245 | 0 | _aTransnational corporations in international tourism | |
| 260 | _c1982 | ||
| 300 |
_a113p _ccm. |
||
| 700 |
_aUNCTC _9363706 |
||
| 942 |
_h"XM8,9(U8).1.N8, M/UN" _cCC |
||
| 999 |
_c688147 _d688147 |
||